| 000 | 00487nam a2200169 a 4500 | ||
|---|---|---|---|
| 001 | 13874 | ||
| 005 | 20180713202312.0 | ||
| 008 | 140415s1994 000 0 spa d | ||
| 041 | _aspa | ||
| 082 |
_a302.59 _bDUS |
||
| 100 | 1 | _aDUSSEL, ENRIQUE | |
| 245 | 1 | 3 |
_aEL ENCUBRIMIENTO DEL INDIO : _b1492 (HACIA EL ORIGEN DEL MITO A LA MODERNIDAD) |
| 250 | _a2a ed. | ||
| 260 |
_a[s.l.] : _bCAMBIO XXI, _c1994 |
||
| 300 | _a219 | ||
| 650 | 1 | 4 |
_aHISTORIA SOCIAL _xSOCIOLOGIA RURAL |
| 999 |
_c13874 _d13874 |
||